Opravné odvolacie konanie
Právna ochrana občanov z dôchodkového zabezpečenia. Zákony a ustanovenia podľa ktorých sa uskutočňuje rozhodovanie o dávkach dôchodkového zabezpečenia. Správne konanie o dávkach sociálneho zabezpečenia. Základné pravidlá, podľa ktorých sa v konaní riadia orgány sociálneho zabezpečenia. Odvolacie spr...
Enregistré dans:
| Auteur principal: | |
|---|---|
| Format: | Chapitre de livre |
| Langue: | slovaque |
| Sujets: | |
| Tags: |
Pas de tags, Soyez le premier à ajouter un tag!
|
MARC
| LEADER | 00000naa a2200000 4500 | ||
|---|---|---|---|
| 001 | r024441 | ||
| 005 | 20221213113835.2 | ||
| 041 | 0 | |a slo | |
| 044 | |a SK | ||
| 245 | 1 | 0 | |a Opravné odvolacie konanie |c A. Komorníková |
| 520 | |a Právna ochrana občanov z dôchodkového zabezpečenia. Zákony a ustanovenia podľa ktorých sa uskutočňuje rozhodovanie o dávkach dôchodkového zabezpečenia. Správne konanie o dávkach sociálneho zabezpečenia. Základné pravidlá, podľa ktorých sa v konaní riadia orgány sociálneho zabezpečenia. Odvolacie správne konanie podľa správneho poriadku. Opravný prostriedok proti rozhodnutiu o nárokovej dávke dôchodkového zabezpečenia. Prieskumné konanie podľa Občianskeho súdneho poriadku. | ||
| 610 | 2 | 0 | |a ochrana práv občanov |
| 610 | 2 | 0 | |a právo správne |
| 610 | 2 | 0 | |a poriadok súdny občiansky |
| 610 | 2 | 0 | |a zabezpečenie dôchodkové |
| 610 | 2 | 0 | |a zabezpečenie sociálne |
| 610 | 2 | 0 | |a dávky sociálne |
| 610 | 2 | 0 | |a dôchodky |
| 610 | 2 | 0 | |a prostriedky opravné |
| 100 | 1 | |a Komorníková, A. | |